000 00965nam a2200265 i 4500
001 106465
003 ES-MaACL
005 20250830220941.0
007 t|
008 221106s1960 sp ||||1| spa d
080 _a159.922.4(73)
080 _a930.85(73)
100 1 _aWilhelmsen, Frederick D.
_9116845
245 1 3 _aEl alma norteamericana de hoy /
_cFrederick D. Wilhelmsen.
260 _aMadrid :
_bAteneo,
_c1960.
300 _a22 p. ;
_c19 cm.
490 1 _aColección "O crece o muere" ;
_v151
500 _aEste trabajo fue dado a conocer por su autor en la conferencia pronunciada en el Palacio Real de la Magdalena de Santander, el día 19 de agosto de -- Verso portada.
650 1 4 _aNorteamericanos-
_xPsicología.
_915596
651 4 _aEstados Unidos-
_xCivilización
_98535
710 2 _aAteneo de Madrid.
_91875
830 0 0 _aColección "O crece o muere"
_v151
_9183476
852 _aES-MaACL
_j2208-F-3
_bR.138055
999 _c106465
_d106465